MARC

LEADER 00000nam0a2200000 4500
001 99721
005 20231031111832.0
035 |a (RuTPU)RU\TPU\book\107068 
090 |a 99721 
100 |a 20060711d1985 km y0rusy50 ca 
101 0 |a rus 
102 |a RU 
105 |a a z 001zy 
200 1 |a Сверхпроводимость сплавов благородных металлов  |f Е. М. Савицкий [и др.] 
210 |a Москва  |c Металлургия  |d 1985 
215 |a 230 с.  |c ил. 
320 |a Библиогр.: с. 219-228. 
610 1 |a благородные металлы 
610 1 |a сплавы 
610 1 |a сверхпроводимость 
610 1 |a физико-химическое взаимодействие 
610 1 |a сверхпроводники 
675 |a 669.23:53  |v 3 
701 1 |a Савицкий  |b Е. М.  |g Евгений Михайлович 
701 1 |a Ефимов  |b Ю. В.  |g Юрий Владимирович 
701 1 |a Рауб  |b К.  |g Кристов 
701 1 |a Кхан  |b Х. Р.  |g Хамид Раза 
801 1 |a RU  |b 63413507  |c 20060711  |g PSBO 
801 2 |a RU  |b 63413507  |c 20190207  |g PSBO 
942 |c BK